Philosophical perspectives on Newtonian science / (Record no. 122862)
[ view plain ]
| 000 -LEADER | |
|---|---|
| fixed length control field | 01357cam a2200337 a 4500 |
| 001 - CONTROL NUMBER | |
| control field | 1037076 |
| 003 - CONTROL NUMBER IDENTIFIER | |
| control field | ARRUPE |
| 005 - DATE AND TIME OF LATEST TRANSACTION | |
| control field | 20150520165658.0 |
| 008 - FIXED-LENGTH DATA ELEMENTS--GENERAL INFORMATION | |
| fixed length control field | 891020s1990 mau b 101 0 eng |
| 010 ## - LIBRARY OF CONGRESS CONTROL NUMBER | |
| LC control number | 89029465 |
| 020 ## - INTERNATIONAL STANDARD BOOK NUMBER | |
| International Standard Book Number | 0262023016 |
| 040 ## - CATALOGING SOURCE | |
| Original cataloging agency | DLC |
| Transcribing agency | DLC |
| Modifying agency | DLC |
| 050 00 - LIBRARY OF CONGRESS CALL NUMBER | |
| Classification number | QA803 |
| Item number | .P55 1990 |
| 082 00 - DEWEY DECIMAL CLASSIFICATION NUMBER | |
| Classification number | 530/.01 |
| Edition number | 20 |
| 300 ## - PHYSICAL DESCRIPTION | |
| Dimensions | 24 cm. |
| 245 00 - TITLE STATEMENT | |
| Title | Philosophical perspectives on Newtonian science / |
| Statement of responsibility, etc | edited by Phillip Bricker and R.I.G. Hughes. |
| 260 ## - PUBLICATION, DISTRIBUTION, ETC. (IMPRINT) | |
| Place of publication, distribution, etc | Cambridge, Mass. : |
| Name of publisher, distributor, etc | MIT Press, |
| Date of publication, distribution, etc | c1990. |
| 300 ## - PHYSICAL DESCRIPTION | |
| Extent | vi, 248 p. ; |
| 500 ## - GENERAL NOTE | |
| General note | "A Bradford book." |
| 500 ## - GENERAL NOTE | |
| General note | Papers presented to a conference at Yale University, November 6th and 7th, 1987--Pref. |
| 500 ## - GENERAL NOTE | |
| General note | "Published under the auspices of the Center for the History and Philosophy of Science of the Johns Hopkins University." |
| 504 ## - BIBLIOGRAPHY, ETC. NOTE | |
| Bibliography, etc | Includes bibliographical references and index. |
| 600 10 - SUBJECT ADDED ENTRY--PERSONAL NAME | |
| Personal name | Newton, Isaac, |
| Dates associated with a name | 1642-1727. |
| Title of a work | Principia |
| Form subdivision | Congresses. |
| 9 (RLIN) | 17900 |
| 650 #0 - SUBJECT ADDED ENTRY--TOPICAL TERM | |
| Topical term or geographic name as entry element | Mechanics |
| Form subdivision | Congresses. |
| 9 (RLIN) | 17901 |
| 650 #0 - SUBJECT ADDED ENTRY--TOPICAL TERM | |
| Topical term or geographic name as entry element | Celestial mechanics |
| Form subdivision | Congresses. |
| 9 (RLIN) | 17902 |
| 650 #0 - SUBJECT ADDED ENTRY--TOPICAL TERM | |
| Topical term or geographic name as entry element | Science |
| General subdivision | Philosophy |
| -- | Congresses. |
| 9 (RLIN) | 14223 |
| 700 1# - ADDED ENTRY--PERSONAL NAME | |
| Personal name | Bricker, Phillip. |
| 9 (RLIN) | 17903 |
| 700 1# - ADDED ENTRY--PERSONAL NAME | |
| Personal name | Hughes, R. I. G. |
| 9 (RLIN) | 13632 |
| 906 ## - LOCAL DATA ELEMENT F, LDF (RLIN) | |
| a | 7 |
| b | cbc |
| c | orignew |
| d | 1 |
| e | ocip |
| f | 19 |
| g | y-gencatlg |
| 942 ## - ADDED ENTRY ELEMENTS (KOHA) | |
| Source of classification or shelving scheme | Library of Congress Classification |
| Koha item type | Monograph ( Printed materials) |
| Withdrawn status | Lost status | Source of classification or shelving scheme | Damaged status | Not for loan | Collection code | Home library | Current library | Shelving location | Date acquired | Total Checkouts | Full call number | Barcode | Date last seen | Date checked out | Price effective from | Koha item type |
|---|---|---|---|---|---|---|---|---|---|---|---|---|---|---|---|---|
| Library of Congress Classification | Main Collection | ARRUPE LIBRARY | ARRUPE LIBRARY | Main Collection | 20/05/2015 | 1 | QA803.P55 1990 | 46500002317 | 23/10/2019 | 08/10/2019 | 20/05/2015 | Monograph ( Printed materials) |